Statistiken für Alle Städte Sachsen-Anhalts

Klicken Sie hier um das Quiz zu spielen!

Allgemein

  • Dieses Quiz wurde 401 mal gespielt
  • Das Durchschnittsergebnis liegt bei 53 aus 104

Antwortstatistiken

EinohnerzahlStadtLandkreis% Korrekt
238.762Halle (Saale)kreisfreie Stadt
99%
237.565Magdeburgkreisfreie Stadt
99%
45.754Lutherstadt WittenbergWittenberg
98%
39.103StendalStendal
95%
80.103Dessau-Roßlaukreisfreie Stadt
94%
38.159Bitterfeld-WolfenAnhalt-Bitterfeld
92%
40.329HalberstadtHarz
85%
32.534WernigerodeHarz
84%
27.012AscherslebenSalzlandkreis
81%
22.406BurgJerichower Land
81%
23.798QuedlinburgHarz
81%
23.453SalzwedelAltmarkkreis Salzwedel
81%
32.573Bernburg (Saale)Salzlandkreis
79%
32.155Naumburg (Saale)Burgenlandkreis
78%
25.641Köthen (Anhalt)Anhalt-Bitterfeld
77%
8.649MansfeldMansfeld-Südharz
77%
23.003Lutherstadt EislebenMansfeld-Südharz
76%
33.873MerseburgSaalekreis
75%
19.483Oschersleben (Bode)Börde
75%
40.192WeißenfelsBurgenlandkreis
74%
6.773JerichowJerichower Land
71%
25.963SangerhausenMansfeld-Südharz
71%
17.247ThaleHarz
71%
27.601ZeitzBurgenlandkreis
71%
30.532Schönebeck (Elbe)Salzlandkreis
69%
19.703Blankenburg (Harz)Harz
65%
24.932StaßfurtSalzlandkreis
65%
22.251GardelegenAltmarkkreis Salzwedel
64%
21.470Zerbst/AnhaltAnhalt-Bitterfeld
63%
13.761GenthinJerichower Land
60%
19.143HaldenslebenBörde
60%
13.908LeunaSaalekreis
60%
11.642Coswig (Anhalt)Wittenberg
59%
10.705TangerhütteStendal
59%
10.319TangermündeStendal
59%
8.450Calbe (Saale)Salzlandkreis
56%
13.885HettstedtMansfeld-Südharz
56%
14.067Jessen (Elster)Wittenberg
56%
10.480QuerfurtSaalekreis
56%
7.709HarzgerodeHarz
55%
11.441WolmirstedtBörde
55%
11.540GräfenhainichenWittenberg
52%
9.680Osterburg (Altmark)Stendal
52%
11.466Bad DürrenbergSaalekreis
51%
13.860Wanzleben-BördeHarz
50%
6.547HavelbergStendal
49%
13.558Oebisfelde-WeferlingenBörde
48%
15.048LandsbergSaalekreis
47%
12.930MöckernJerichower Land
47%
8.223Bad SchmiedebergWittenberg
46%
10.448GommernJerichower Land
46%
14.310Sandersdorf-BrehnaAnhalt-Bitterfeld
46%
6.750Arendsee (Altmark)Altmarkkreis Salzwedel
44%
8.846BallenstedtHarz
44%
10.553BraunsbedraSaalekreis
44%
4.571Freyburg (Unstrut)Burgenlandkreis
44%
7.580Kalbe (Milde)Altmarkkreis Salzwedel
44%
8.265KönnernSalzlandkreis
44%
13.275Südliches AnhaltAnhalt-Bitterfeld
44%
9.807Wettin-LöbejünSaalekreis
44%
8.323BarbySalzlandkreis
43%
9.172ZörbigAnhalt-Bitterfeld
43%
9.565Ilsenburg (Harz)Harz
42%
9.922KlötzeAltmarkkreis Salzwedel
41%
3.064Nebra (Unstrut)Burgenlandkreis
41%
8.909Raguhn-JeßnitzAnhalt-Bitterfeld
41%
11.010OsterwieckHarz
40%
4.825Seehausen (Altmark)Stendal
40%
8.773Bad LauchstädtSaalekreis
38%
9.636KembergWittenberg
38%
8.242Oranienbaum-WörlitzWittenberg
38%
9.222Zahna-ElsterWittenberg
38%
9.611HohenmölsenBurgenlandkreis
37%
6.629AnnaburgWittenberg
36%
10.256Oberharz am BrockenHarz
36%
1.042Werben (Elbe)Stendal
36%
7.494Aken (Elbe)Anhalt-Bitterfeld
35%
8.143Bismark (Altmark)Stendal
33%
5.273Falkenstein/HarzHarz
33%
3.335Kelbra (Kyffhäuser)Mansfeld-Südharz
33%
1.493ArneburgStendal
32%
3.254EgelnSalzlandkreis
31%
4.093GüstenSalzlandkreis
31%
2.831Laucha an der UnstrutBurgenlandkreis
31%
6.158Nienburg (Saale)Salzlandkreis
31%
2.706Bad BibraBurgenlandkreis
30%
2.447OsterfeldBurgenlandkreis
30%
7.685AllstedtMansfeld-Südharz
29%
2.525Alsleben (Saale)Salzlandkreis
29%
3.615GröningenBörde
29%
8.523LützenBurgenlandkreis
29%
7.903SeelandSalzlandkreis
29%
1.414KroppenstedtBörde
28%
8.639Mücheln (Geiseltal)Saalekreis
28%
838Sandau (Elbe)Stendal
28%
2.473WegelebenHarz
28%
6.553ArnsteinMansfeld-Südharz
27%
2.318EckartsbergaBurgenlandkreis
27%
1.097SchraplauSaalekreis
27%
2.424SchwanebeckHarz
27%
7.072GerbstedtMansfeld-Südharz
26%
8.086TeuchernBurgenlandkreis
26%
6.981HecklingenSalzlandkreis
25%
916StößenBurgenlandkreis
25%

Verteilung der Resultate

Perzentil nach korrekt beantworteten Fragen

Anzahl Personen mit jedem Resultat

Ihre Resultats-Entwicklung

Sie haben dieses Quiz noch nicht gespielt